| 000 | 00587nam a2200181 4500 | ||
|---|---|---|---|
| 003 | LK-CoMWRAF | ||
| 005 | 20240126104626.0 | ||
| 008 | 231217b |||||||| |||| 00| 0 eng d | ||
| 040 |
_aLK-CoMWRAF _dLK-CoMWRAF _eLK-CoMWRAF |
||
| 041 | _asin | ||
| 082 |
_a323 _bBUR |
||
| 100 | _aබර් ක්, ඇඩම් | ||
| 110 | _aබැස්ටියන්, සුනිල් | ||
| 245 | _aFLICT සංකල්පය සහ ව්යුහය | ||
| 246 | _aFLICT Sankalpaya saha wyuhaya | ||
| 700 |
_aමන්සූර්, එම්. එල්. එම්. _etrans. |
||
| 942 | _cBK | ||
| 999 |
_c4510 _d4510 |
||